| 000 | 00679nam a22001937a 4500 | ||
|---|---|---|---|
| 999 |
_c178479 _d178479 |
||
| 005 | 20220113130816.0 | ||
| 010 | _aENG-129363 | ||
| 020 |
_a978-93-5388-281-5 _c1095.00 |
||
| 035 | _aEN-112895 | ||
| 037 | _bDBAD/PUB | ||
| 082 |
_a371.2 _23rd |
||
| 100 | _aMukhopadhyay, Marmar | ||
| 245 |
_aTotal Quality Management in Education: _cMarmar Mukhopadhyay |
||
| 250 | _a3rd | ||
| 260 |
_aNew Delhi _bSage Publication India _c2020 |
||
| 270 |
_aB1/1-1 Mohan Cooperative Industrial Area Mathura Road _bNew Delhi _e110044 |
||
| 300 |
_axxii+266p. _c24cm(pbk) _bIncluding illustrations, tables, bibliographical references and index. |
||
| 942 |
_2ddc _cEN _h371.2 _mMUK |
||